01151nam a22002535a 4500003000400000005001700004008004100021040001400062100002600076245017000102260005000272300003500322502010000357650003600457650005000493650002500543700004000568710006800608730000800676856009000684942001000774999001500784952009800799OSt20160614180449.0160614s2016 spc||||fsm||||0|| 0 spa|d bcatcCDMR1 aPérez Soler, Susana10aUsos periodísticos de Twitter h[Recurs electrònic]b: Una comparativa entre redacciones tradicionales y digitales en Catalunya y BélgicacSusana Pérez Soler a[Barcelona] :bUniversitat Ramon Llull,c2016 a1 recurs electrònic (315 p.) aTesi doctoral - Universitat Ramon Llull. FCRIB - Comunicació i Relacions Internacionals, 20160493128aXarxes socials en línia0492272aPeriodismexInnovacions tecnològiques0493188aPremsa digital1 aMicó, Josep Lluís,d1974-edir.2 aFacultat de Comunicació i Relacions Internacionals Blanquerna0 aTDX40z(Accés lliure)uhttp://www.tdx.cat/handle/10803/362644yDisponible en línia (pdf) cTSN-E c6940d6940 00104070aCDMRbCDMRd2016-06-14eDonaciól0pCDMR16061262r2016-06-14w2016-06-14yTSN-E